|
|
|
|
| LEADER |
00580cam a2200193 7i4500 |
| 001 |
0000010801 |
| 005 |
20151104090000.0 |
| 005 |
##20151104112400.0 |
| 003 |
##MY-KlINT |
| 020 |
# |
# |
|a 9780125320009
|
| 039 |
# |
9 |
|y 201511041124
|z VLOAD
|
| 090 |
0 |
0 |
|a 006.696
|b PAR
|
| 100 |
1 |
# |
|a Parent, Rick
|
| 245 |
1 |
0 |
|a Computer animation :
|b algorithms and techniques /
|c Rick Parent.
|
| 250 |
# |
# |
|a 2nd ed..
|
| 260 |
# |
# |
|a Amsterdam
|a Boston:
|b Elsevier/Morgan Kaufmann,
|c c2008.
|
| 300 |
# |
# |
|a a xviii, 593p:
|b ill;
|c 24cm.
|
| 650 |
# |
0 |
|a Computer animation
|
| 999 |
|
|
|a 0000064247
|b BOOK
|c Main Non-Fiction
|e INTAN BK
|